000 00694nam a2200193Ii 4500
003 JO-AjNU
008 230605s9999||||xx |||||||||||||| ||und||
040 _aJO-AjNU
_bara
_erda
_cJO-AjNU
041 _aara
050 1 4 _aPJ6075.U2244 1900
100 3 _aتاليف محمد، عبد الحسين، م. مشارك: رشيد عبد الرحمن؛ طارق عبد عون,
_eauthor
_937626
245 0 0 _aتاريخ العربية
264 3 1 _aد.م: د.ن، 1900
300 _a132ص
336 _atext
_btxt
_2rdacontent
337 _aunmediated
_bn
_2rdamedia
338 _avolume
_bnc
_2rdacarrier
650 4 _aتاريخ-تاريخ اللغة العربية-اللغة العربية
_937627
999 _aA15738
_c19306
_d19306